000 00392nam a2200157Ia 4500
008 230711s9999||||xx |||||||||||||| ||und||
041 _aENG
082 _a627
_bHA-H
100 _aHarpreet Singh
245 0 _aEagles' hydraulica and pneumatics
250 _a7th Ed.
260 _c2012
_aJalandhar
_bEagles Prakashan Regd
300 _a284p.
650 _aMechanical Engineering
942 _cBK
999 _c7663
_d7663